00431nam a2200181Ia 4500003000400000005001700004008004100021020002100062040000700083041000800090082001700098100002000115245003800135250000600173260003600179300001700215365001700232OSt20230531103413.0210423s2014 xx 000 0 und d a978-0-85702-9140 cAL aeng a300.721 CHAA aCHARMAZ (Kathy) aConstructing grounded theory Ed 2 a2 aLondonbSage Publicationsc2014 axxi,388pbHB b3145.42cGBP